[Event "Teplice op 18th"]
[Site "Teplice"]
[Date "2025.06.22"]
[Round "9"]
[White "Stocek, Jiri"]
[Black "Povshednyi, Ivan"]
[Result "1/2-1/2"]
[WhiteElo "2459"]
[BlackElo "2309"]
[PlyCount "106"]
[EventDate "2025.06.14"]
[EventType "swiss"]
[EventRounds "9"]
[EventCountry "CZE"]
[SourceTitle "CB26_2025"]
[SourceDate "2025.06.25"]
[SourceVersion "1"]
[SourceVersionDate "2025.06.25"]
[SourceQuality "1"]

1. d4 Nf6 2. c4 e6 3. Nf3 d5 4. Bg5 c6 5. e3 h6 6. Bh4 Nbd7 7. Bd3 g5 8. Bg3 Nh5 9. Be5 Nhf6 10. Bg3 Nh5 11. Be5 Nhf6 12. Nbd2 Nxe5 13. Nxe5 Nd7 14. 0-0 Nxe5 15. dxe5 Qb6 16. Qc2 Bd7 17. Rac1 Bg7 18. c5 Qc7 19. f4 0-0-0 20. b4 f6 21. exf6 Bxf6 22. b5 cxb5 23. c6 Bxc6 24. Bxb5 Rd6 25. Qg6 Bd8 26. Nb3 Kb8 27. Bxc6 Rxc6 28. Rxc6 Qxc6 29. Qg7 Re8 30. Rc1 Qd6 31. Nc5 Be7 32. Qb2 Qc6 33. Nd3 Qb6 34. Qxb6 axb6 35. Ne5 Bd6 36. Nd3 Rf8 37. g3 b5 38. Rb1 Kc7 39. Rxb5 Ra8 40. Rb2 Ra3 41. Rd2 Kc6 42. Kf2 b5 43. Rc2+ Kd7 44. Ke2 Ra4 45. h3 Ke7 46. Rb2 b4 47. Rc2 Ra3 48. Rb2 Ra8 49. Kf3 Ra3 50. Nxb4 Bxb4 51. Rxb4 Rxa2 52. h4 gxh4 53. gxh4 h5 1/2-1/2

[Event "Teplice op 18th"]
[Site "Teplice"]
[Date "2025.06.17"]
[Round "4"]
[White "Bharadia, Yash"]
[Black "Stocek, Jiri"]
[Result "1-0"]
[WhiteElo "2377"]
[BlackElo "2459"]
[PlyCount "75"]
[EventDate "2025.06.14"]
[EventType "swiss"]
[EventRounds "9"]
[EventCountry "CZE"]
[SourceTitle "CB26_2025"]
[SourceDate "2025.06.25"]
[SourceVersion "1"]
[SourceVersionDate "2025.06.25"]
[SourceQuality "1"]

1. e4 e5 2. Nf3 Nc6 3. Bb5 a6 4. Ba4 Nf6 5. 0-0 Be7 6. Re1 d6 7. Bxc6+ bxc6 8. d4 exd4 9. Nxd4 Bd7 10. Nc3 0-0 11. Bf4 Re8 12. h3 g6 13. Qd2 Nh5 14. Bh2 Ng7 15. b4 Bf8 16. Nb3 Ne6 17. e5 d5 18. Na4 a5 19. a3 axb4 20. axb4 Bg7 21. Qc3 Qh4 22. Bg3 Qc4 23. Qd2 Rab8 24. Nac5 Nxc5 25. Nxc5 Bf5 26. c3 d4 27. cxd4 Rxb4 28. Na6 Ra4 29. Nxc7 Rd8 30. Qg5 Rc8 31. Rac1 Qxd4 32. Red1 Qb4 33. Rd8+ Rxd8 34. Qxd8+ Qf8 35. Ne8 h5 36. e6 Bxe6 37. Bd6 Rd4 38. Nf6+ 1-0

[Event "PlusCity Grand Prix Rapid"]
[Site "Pasching"]
[Date "2025.05.30"]
[Round "9"]
[White "Stocek, Jiri"]
[Black "Pyrig, Roman"]
[Result "0-1"]
[WhiteElo "2490"]
[BlackElo "2429"]
[PlyCount "140"]
[EventDate "2025.05.30"]
[EventType "swiss (rapid)"]
[EventRounds "9"]
[EventCountry "AUT"]
[SourceTitle "CB23_2025"]
[SourceDate "2025.06.04"]
[SourceVersion "1"]
[SourceVersionDate "2025.06.04"]
[SourceQuality "1"]

1. d4 d5 2. c4 e6 3. Nf3 Nf6 4. Bg5 Be7 5. e3 0-0 6. Nc3 h6 7. Bh4 Ne4 8. Bg3 c5 9. Qc2 cxd4 10. exd4 Nxg3 11. hxg3 Nc6 12. Rd1 Bf6 13. a3 b6 14. cxd5 exd5 15. Bb5 Bb7 16. Kf1 a6 17. Bd3 Re8 18. Rh5 Rc8 19. Rxd5 Qc7 20. Rh5 Ne7 21. Ne5 g6 22. Qb3 Nf5 23. Ng4 Bg7 24. Bxf5 gxh5 25. Bxc8 Rxc8 26. Ne3 h4 27. gxh4 Qh2 28. d5 b5 29. Qb4 Re8 30. Ne2 Bc8 31. Ng1 Qe5 32. Rd2 Bd7 33. Nf3 Qf6 34. d6 Rc8 35. Nd5 Rc1+ 36. Ne1 Qe5 37. Ne7+ Kh8 38. Rc2 Rxc2 39. Nxc2 Qxb2 40. Qxb2 Bxb2 41. Nd5 Be5 42. Nb6 Be6 43. a4 Bxd6 44. axb5 axb5 45. Ne3 Bc5 46. Nbd5 b4 47. Ke2 b3 48. Nc3 Kg7 49. Kd3 Be7 50. g3 Bf6 51. Ned1 Kg6 52. Kd2 h5 53. Nb2 Kf5 54. Nd3 Kg4 55. Ne4 Bd4 56. Ng5 b2 57. Nxe6 fxe6 58. Kc2 e5 59. f4 e4 60. Nxb2 Kxg3 61. f5 Kxh4 62. Nc4 Kg4 63. Kd1 h4 64. Ke2 h3 65. Kf1 Kxf5 66. Nd6+ Kf4 67. Nb5 Bb6 68. Nd6 Kf3 69. Nf7 h2 70. Ng5+ Kg4 0-1

[Event "EU-Cup 39th"]
[Site "Vrnjacka Banja"]
[Date "2024.10.24"]
[Round "5.3"]
[White "Praggnanandhaa, Rameshbabu"]
[Black "Stocek, Jiri"]
[Result "1-0"]
[WhiteElo "2746"]
[BlackElo "2501"]
[PlyCount "59"]
[EventDate "2024.10.20"]
[EventType "team-swiss"]
[EventRounds "7"]
[EventCountry "SRB"]
[SourceTitle "CB44_2024"]
[Source "Chessbase"]
[SourceDate "2024.10.30"]
[SourceVersion "1"]
[SourceVersionDate "2024.10.30"]
[SourceQuality "1"]
[WhiteTeam "SuperChess"]
[BlackTeam "Modra Javes"]
[WhiteTeamCountry "ROU"]
[BlackTeamCountry "SVK"]

1. d4 Nf6 2. Nc3 d5 3. Bf4 a6 4. e3 c5 5. dxc5 Qa5 6. Nf3 Bg4 7. Bxb8 Rxb8 8. Qd4 Bxf3 9. gxf3 e6 10. Qa4+ Qxa4 11. Nxa4 Nd7 12. b4 b6 13. Bxa6 bxc5 14. bxc5 Bxc5 15. Ke2 Rb4 16. Nc3 Ke7 17. Rhb1 Ra8 18. Bb5 Bd6 19. Rxb4 Bxb4 20. Na4 Ra5 21. c4 Bd6 22. f4 Nf6 23. Nb2 Ba3 24. Nd3 Ne4 25. Ne5 Kf8 26. Rg1 Bb2 27. a4 Nc3+ 28. Kf3 Nxa4 29. Nc6 Ra8 30. Rb1 1-0

[Event "Bratislava exe op 2nd"]
[Site "Bratislava"]
[Date "2024.09.17"]
[Round "4"]
[White "Stocek, Jiri"]
[Black "Doraszelski, Alexander"]
[Result "1-0"]
[WhiteElo "2520"]
[BlackElo "2103"]
[PlyCount "63"]
[EventDate "2024.09.14"]
[EventType "swiss"]
[EventRounds "9"]
[EventCountry "SVK"]
[SourceTitle "EXT 2025"]
[Source "ChessBase"]
[SourceDate "2024.10.14"]
[SourceVersion "1"]
[SourceVersionDate "2024.10.14"]
[SourceQuality "1"]

1. d4 d5 2. Nf3 e6 3. Bf4 Bd6 4. Bg3 Nf6 5. e3 0-0 6. c4 dxc4 7. Nc3 b6 8. Bxc4 Bb7 9. Qc2 Nbd7 10. e4 Nh5 11. Rd1 Nxg3 12. hxg3 Bb4 13. Kf1 Bxc3 14. bxc3 Qe7 15. Rh4 Rfd8 16. Rf4 h6 17. Rh4 c5 18. d5 exd5 19. Bxd5 Nf8 20. c4 Rab8 21. a4 Bc8 22. Rf4 Ne6 23. Ne5 Nxf4 24. Nc6 Qc7 25. gxf4 Bd7 26. Nxb8 Rxb8 27. e5 a6 28. Kg1 Qc8 29. Qg6 Be8 30. Rd3 Kf8 31. Qd6+ Kg8 32. Rg3 1-0

[Event "Pardubice Czech op-A 35th"]
[Site "Pardubice"]
[Date "2024.07.26"]
[Round "8"]
[White "Hrbek, Stepan"]
[Black "Stocek, Jiri"]
[Result "1/2-1/2"]
[WhiteElo "2402"]
[BlackElo "2528"]
[PlyCount "155"]
[EventDate "2024.07.19"]
[EventType "swiss"]
[EventRounds "9"]
[EventCountry "CZE"]
[SourceTitle "CBM 221 Extra"]
[Source "ChessBase"]
[SourceDate "2024.09.30"]
[SourceVersion "1"]
[SourceVersionDate "2024.09.30"]
[SourceQuality "1"]

1. e4 c5 2. Nf3 d6 3. Bb5+ Nd7 4. 0-0 a6 5. Be2 Ngf6 6. d3 b5 7. a4 b4 8. c3 Rb8 9. Nbd2 e6 10. d4 Be7 11. e5 dxe5 12. dxe5 Nd5 13. Ne4 bxc3 14. bxc3 0-0 15. c4 Nb4 16. Bf4 Bb7 17. Nd6 Bxd6 18. Qxd6 Bxf3 19. Bxf3 Nc2 20. Rab1 Nd4 21. Rxb8 Nxb8 22. Qxc5 Nxf3+ 23. gxf3 Qd7 24. a5 Rc8 25. Qb6 h6 26. Kg2 Qc6 27. Rb1 Kh7 28. Be3 Kg8 29. Rd1 Qe8 30. c5 Nc6 31. Qxa6 Ra8 32. Qb6 Nxa5 33. Qc7 Nc6 34. f4 Ra7 35. Qd6 Qa8 36. Kg3 Kh7 37. Qd3+ g6 38. Rc1 Qc8 39. Qe4 Ne7 40. Kg2 Ra6 41. h3 Nd5 42. Kh2 Qc6 43. Qf3 Qb7 44. f5 Qc7 45. fxg6+ fxg6 46. Qe4 Qd7 47. Rg1 Ne7 48. Rb1 Rc6 49. Rb6 Nd5 50. Rxc6 Qxc6 51. Qh4 h5 52. Qg5 Qe8 53. Kg1 Ne7 54. Qf6 Nd5 55. Qg5 Ne7 56. Qf6 Nd5 57. Qf3 Kg7 58. Bg5 Qb5 59. Be7 Qb1+ 60. Kh2 Qf5 61. Qxf5 gxf5 62. Bd6 Nb4 63. Kg3 Nc6 64. Kf4 Kg6 65. Bc7 Nb4 66. Bd6 Nc6 67. h4 Na5 68. Ke3 Kf7 69. Bc7 Nc6 70. Kd3 Ke8 71. Bd6 Nd8 72. Kc4 Kd7 73. Kd4 Ke8 74. Ke3 Kf7 75. Ke2 Nc6 76. Bc7 Nd4+ 77. Ke3 Nc6 78. Bd6 1/2-1/2

[Event "Pardubice Czech op-A 35th"]
[Site "Pardubice"]
[Date "2024.07.23"]
[Round "5"]
[White "Stocek, Jiri"]
[Black "Gnojek, Petr"]
[Result "1/2-1/2"]
[WhiteElo "2528"]
[BlackElo "2407"]
[PlyCount "83"]
[EventDate "2024.07.19"]
[EventType "swiss"]
[EventRounds "9"]
[EventCountry "CZE"]
[SourceTitle "CBM 221 Extra"]
[Source "ChessBase"]
[SourceDate "2024.09.30"]
[SourceVersion "1"]
[SourceVersionDate "2024.09.30"]
[SourceQuality "1"]

1. e4 c5 2. Nf3 d6 3. Bc4 Nf6 4. d3 Nc6 5. c3 g6 6. 0-0 Bg7 7. Re1 0-0 8. Bb3 b6 9. h3 Bb7 10. d4 e6 11. a3 Rc8 12. Nbd2 Qc7 13. Ba2 b5 14. Nf1 Qb6 15. Ng3 cxd4 16. cxd4 d5 17. e5 Ne4 18. Bf4 b4 19. axb4 Qxb4 20. Nxe4 dxe4 21. Rxe4 Ne7 22. Re3 Bxf3 23. Rxf3 Rfd8 24. Rd3 Nf5 25. Bb3 Rxd4 26. Ra4 Rxd3 27. Rxb4 Rxd1+ 28. Bxd1 h6 29. g4 Ne7 30. Bf3 g5 31. Be3 Bxe5 32. Rb7 Ng6 33. Be4 Nh4 34. Kf1 Rb8 35. b4 Rxb7 36. Bxb7 Bb8 37. Ke2 Ng6 38. b5 f6 39. Be4 Ne5 40. Bd4 Kf7 41. Bxe5 Bxe5 42. Bc2 1/2-1/2

[Event "Pardubice Czech op-A 35th"]
[Site "Pardubice"]
[Date "2024.07.22"]
[Round "4"]
[White "Sherman, Reem"]
[Black "Stocek, Jiri"]
[Result "0-1"]
[WhiteElo "2366"]
[BlackElo "2528"]
[PlyCount "130"]
[EventDate "2024.07.19"]
[EventType "swiss"]
[EventRounds "9"]
[EventCountry "CZE"]
[SourceTitle "CBM 221 Extra"]
[Source "ChessBase"]
[SourceDate "2024.09.30"]
[SourceVersion "1"]
[SourceVersionDate "2024.09.30"]
[SourceQuality "1"]

1. e4 c5 2. Nf3 d6 3. Bb5+ Nc6 4. 0-0 Bd7 5. Re1 Nf6 6. c3 a6 7. Bf1 Bg4 8. d4 cxd4 9. cxd4 e5 10. d5 Nd4 11. Be3 Nxf3+ 12. gxf3 Bd7 13. Nd2 Be7 14. Nc4 b5 15. Nb6 Rb8 16. Nxd7 Nxd7 17. a4 Bg5 18. axb5 axb5 19. Qc1 Bxe3 20. Rxe3 b4 21. Re1 0-0 22. Qe3 f5 23. Bh3 fxe4 24. Bxd7 Qxd7 25. Ra7 Rb7 26. Rxb7 Qxb7 27. fxe4 Qc8 28. h3 Qe8 29. Rc1 Qg6+ 30. Kf1 h6 31. Rc4 Qh5 32. Qg3 Rf6 33. Qg4 Qf7 34. Qe2 Qd7 35. Qg4 Qf7 36. Qe2 Qd7 37. Kg2 Rg6+ 38. Kh2 Qa7 39. Rc1 Qf7 40. Rg1 Rf6 41. Kg2 Rf4 42. Kf1 Rf3 43. Kg2 Rf4 44. Kf1 Qc7 45. Rg3 Qc1+ 46. Kg2 Qb1 47. Rg4 b3 48. Rxf4 exf4 49. Qc4 Qxb2 50. Qc8+ Kh7 51. Qf5+ g6 52. Qd7+ Qg7 53. Qxd6 Qb7 54. Qc6 Qxc6 55. dxc6 b2 56. c7 b1Q 57. c8Q Qxe4+ 58. Kh2 g5 59. Qd7+ Kg6 60. Qd6+ Kh5 61. Qf6 Qf3 62. Qb6 Qe2 63. Kg1 Qd1+ 64. Kg2 f3+ 65. Kg3 Qh1 0-1

[Event "Pardubice Czech op-A 35th"]
[Site "Pardubice"]
[Date "2024.07.19"]
[Round "1"]
[White "Stocek, Jiri"]
[Black "Bourg, Nicolas"]
[Result "1-0"]
[WhiteElo "2528"]
[BlackElo "2151"]
[PlyCount "25"]
[EventDate "2024.07.19"]
[EventType "swiss"]
[EventRounds "9"]
[EventCountry "CZE"]
[SourceTitle "CBM 221 Extra"]
[Source "ChessBase"]
[SourceDate "2024.09.30"]
[SourceVersion "1"]
[SourceVersionDate "2024.09.30"]
[SourceQuality "1"]

1. d4 d5 2. c4 e6 3. Nc3 c5 4. cxd5 cxd4 5. Qa4+ b5 6. Qxd4 b4 7. Nb5 Qa5 8. Qc4 Ba6 9. dxe6 Qxb5 10. exf7+ Ke7 11. fxg8N+ Kd8 12. Qh4+ Kd7 13. Nf3 1-0

[Event "Pardubice rapid op 35th"]
[Site "Pardubice"]
[Date "2024.07.18"]
[Round "8"]
[White "Navara, David"]
[Black "Stocek, Jiri"]
[Result "1-0"]
[WhiteElo "2674"]
[BlackElo "2528"]
[PlyCount "129"]
[EventDate "2024.07.17"]
[EventType "swiss (rapid)"]
[EventRounds "9"]
[EventCountry "CZE"]
[SourceTitle "CBM 221 Extra"]
[Source "ChessBase"]
[SourceDate "2024.09.30"]
[SourceVersion "1"]
[SourceVersionDate "2024.09.30"]
[SourceQuality "1"]

1. d4 Nf6 2. c4 e6 3. Nf3 h6 4. g3 Bb4+ 5. Nbd2 b6 6. Bg2 Bb7 7. a3 Bxd2+ 8. Qxd2 0-0 9. 0-0 Be4 10. b3 d6 11. Bb2 Nbd7 12. Rfd1 Re8 13. Bf1 Qe7 14. Ne5 dxe5 15. dxe5 Nxe5 16. Bxe5 Rad8 17. Qb2 Rxd1 18. Rxd1 Ng4 19. Bc3 e5 20. Bh3 h5 21. b4 Qf6 22. Be1 Bb7 23. Qc3 Qg6 24. Qd3 Be4 25. Qd7 Bc6 26. Qd3 Be4 27. Qd2 Bb7 28. f3 b5 29. e4 bxc4 30. fxg4 hxg4 31. Bg2 Bxe4 32. Bf2 Bxg2 33. Kxg2 Qe4+ 34. Kg1 Qf3 35. Rc1 Qxa3 36. Rxc4 e4 37. Qe3 Qa2 38. Rxc7 Qb1+ 39. Qe1 Qb3 40. Be3 Rd8 41. Rc1 a6 42. Bc5 Qb2 43. Rd1 Re8 44. Qe3 Qa2 45. Re1 Qc4 46. Qd4 Qb3 47. Qe3 Qc4 48. Qe2 Qe6 49. Ra1 Ra8 50. Be3 Qb3 51. b5 a5 52. b6 a4 53. Bf2 Re8 54. Qe3 Qb5 55. Qd4 Qg5 56. Be3 Qf5 57. Qxa4 Rd8 58. Qc2 Qf3 59. Qf2 Rd1+ 60. Rxd1 Qxd1+ 61. Kg2 Qb3 62. Qd2 f6 63. Bf2 Qf3+ 64. Kg1 Qb3 65. Qd7 1-0

[Event "Pardubice rapid op 35th"]
[Site "Pardubice"]
[Date "2024.07.18"]
[Round "7"]
[White "Stocek, Jiri"]
[Black "Seger, Ruediger"]
[Result "1-0"]
[WhiteElo "2528"]
[BlackElo "2264"]
[PlyCount "63"]
[EventDate "2024.07.17"]
[EventType "swiss (rapid)"]
[EventRounds "9"]
[EventCountry "CZE"]
[SourceTitle "CBM 221 Extra"]
[Source "ChessBase"]
[SourceDate "2024.09.30"]
[SourceVersion "1"]
[SourceVersionDate "2024.09.30"]
[SourceQuality "1"]

1. d4 Nf6 2. c4 g6 3. Nc3 d5 4. Nf3 Bg7 5. Qb3 dxc4 6. Qxc4 0-0 7. e4 Nc6 8. Bf4 Bg4 9. d5 Bxf3 10. dxc6 b5 11. Nxb5 Bxe4 12. Rd1 Qc8 13. f3 Qf5 14. Bxc7 Bxf3 15. Bd3 Be4 16. Bxe4 Qxe4+ 17. Qxe4 Nxe4 18. Ba5 a6 19. Nc7 Rac8 20. Nd5 Rfe8 21. c7 Be5 22. Rc1 e6 23. Ne3 Bxb2 24. Rc2 Bd4 25. Ke2 Nd6 26. Rd1 e5 27. Nd5 Kg7 28. Rc6 Re6 29. Rb1 Nb5 30. Rxe6 fxe6 31. Rxb5 exd5 32. Rxd5 1-0

[Event "Pardubice rapid op 35th"]
[Site "Pardubice"]
[Date "2024.07.17"]
[Round "3"]
[White "Stocek, Jiri"]
[Black "Kuegel, Tobias"]
[Result "1/2-1/2"]
[WhiteElo "2528"]
[BlackElo "2416"]
[PlyCount "110"]
[EventDate "2024.07.17"]
[EventType "swiss (rapid)"]
[EventRounds "9"]
[EventCountry "CZE"]
[SourceTitle "CBM 221 Extra"]
[Source "ChessBase"]
[SourceDate "2024.09.30"]
[SourceVersion "1"]
[SourceVersionDate "2024.09.30"]
[SourceQuality "1"]

1. c4 e6 2. Nc3 d5 3. d4 Nf6 4. Bg5 Be7 5. e3 h6 6. Bh4 dxc4 7. Bxc4 c5 8. Nf3 cxd4 9. exd4 0-0 10. Qe2 Nc6 11. Rd1 Nh5 12. Bg3 Bd7 13. a3 Rc8 14. Ba2 Qa5 15. 0-0 Nxg3 16. hxg3 a6 17. d5 exd5 18. Nxd5 Rfe8 19. Qd3 Be6 20. Rfe1 Bxd5 21. Bxd5 Bf6 22. b4 Qc7 23. Rxe8+ Rxe8 24. Qc4 Rc8 25. b5 axb5 26. Qxb5 Rd8 27. Rc1 Nd4 28. Qc5 Qxc5 29. Rxc5 Be7 30. Rc7 Rxd5 31. Rxe7 Nxf3+ 32. gxf3 Rd3 33. a4 Rd4 34. a5 Rd5 35. Re8+ Kh7 36. Ra8 g5 37. Kf1 h5 38. Kg2 Kg6 39. Kh3 Rf5 40. Kg2 Rd5 41. Ra7 Rc5 42. Kh3 Rd5 43. g4 f6 44. gxh5+ Kxh5 45. Kg3 Kg6 46. f4 Kf5 47. fxg5 fxg5 48. f3 Rb5 49. Ra8 Rb4 50. Rf8+ Kg6 51. Kf2 Ra4 52. Ra8 Ra3 53. Ra7 Kf5 54. Rxb7 Rxa5 55. Kg3 Ke5 1/2-1/2

[Event "Teplice op 17th"]
[Site "Teplice"]
[Date "2024.06.20"]
[Round "6"]
[White "Stocek, Jiri"]
[Black "Kusa, Jakub"]
[Result "1/2-1/2"]
[WhiteElo "2524"]
[BlackElo "2423"]
[PlyCount "72"]
[EventDate "2024.06.15"]
[EventType "swiss"]
[EventRounds "9"]
[EventCountry "CZE"]
[SourceTitle "CBM 220 Extra"]
[Source "ChessBase"]
[SourceDate "2024.07.31"]
[SourceVersion "1"]
[SourceVersionDate "2024.07.31"]
[SourceQuality "1"]

1. e4 e5 2. Bc4 Nf6 3. d3 Nc6 4. Nc3 Na5 5. Qf3 Nxc4 6. dxc4 d6 7. Nge2 Be6 8. b3 Be7 9. 0-0 0-0 10. h3 Nd7 11. Ng3 Bg5 12. Be3 b6 13. Rad1 g6 14. Nb5 Bxe3 15. Qxe3 Kg7 16. f4 exf4 17. Rxf4 Ne5 18. Rdf1 Bd7 19. Nc3 Bc6 20. Nge2 Qe7 21. Nd4 Bb7 22. Nd5 Bxd5 23. cxd5 Rae8 24. Rf5 Qd8 25. Qg3 Kh8 26. Rf6 Qe7 27. Qf4 Kg8 28. Qg5 Nd7 29. Nf5 Qd8 30. Nh6+ Kh8 31. Ng4 Nxf6 32. Nxf6 Kg7 33. Nh5+ Kh8 34. Nf6 Kg7 35. Nh5+ Kh8 36. Nf6 Kg7 1/2-1/2

[Event "CZE-ch"]
[Site "Ostrava"]
[Date "2024.05.03"]
[Round "7"]
[White "Stocek, Jiri"]
[Black "Simacek, Pavel"]
[Result "1/2-1/2"]
[WhiteElo "2531"]
[BlackElo "2446"]
[PlyCount "83"]
[EventDate "2024.04.27"]
[EventType "tourn"]
[EventRounds "9"]
[EventCountry "CZE"]
[EventCategory "9"]
[SourceTitle "CBM 220 Extra"]
[Source "ChessBase"]
[SourceDate "2024.07.31"]
[SourceVersion "1"]
[SourceVersionDate "2024.07.31"]
[SourceQuality "1"]

1. d4 d5 2. Nf3 Nf6 3. c4 e6 4. Nc3 dxc4 5. Qa4+ Nbd7 6. e4 Be7 7. Bxc4 0-0 8. Qc2 c5 9. e5 Nd5 10. Bxd5 exd5 11. 0-0 cxd4 12. Nb5 d3 13. Qxd3 Nc5 14. Qe2 a6 15. Nbd4 Bg4 16. h3 Bh5 17. Be3 Qd7 18. Rac1 Rac8 19. Rfd1 Rfe8 20. Rc3 Ne4 21. Rxc8 Rxc8 22. Qf1 Bc5 23. Qd3 Bg6 24. Qb3 h6 25. e6 fxe6 26. Ne5 Qe8 27. Qxb7 Rb8 28. Qxa6 Bd6 29. Nxg6 Qxg6 30. Nb5 Bc5 31. Bxc5 Nxc5 32. Qc6 Nd3 33. Qc2 Rxb5 34. Rxd3 Rxb2 35. Qxb2 Qxd3 36. Qe5 Qb1+ 37. Kh2 Qxa2 38. Qxe6+ Kh8 39. Qc8+ Kh7 40. Qf5+ Kg8 41. Qe6+ Kh8 42. Qc8+ 1/2-1/2

[Event "CZE-ch"]
[Site "Ostrava"]
[Date "2024.04.28"]
[Round "2"]
[White "Stocek, Jiri"]
[Black "Finek, Vaclav"]
[Result "1/2-1/2"]
[WhiteElo "2531"]
[BlackElo "2431"]
[PlyCount "175"]
[EventDate "2024.04.27"]
[EventType "tourn"]
[EventRounds "9"]
[EventCountry "CZE"]
[EventCategory "9"]
[SourceTitle "CBM 220 Extra"]
[Source "ChessBase"]
[SourceDate "2024.07.31"]
[SourceVersion "1"]
[SourceVersionDate "2024.07.31"]
[SourceQuality "1"]

1. d4 d5 2. Nf3 Nf6 3. Bg5 Ne4 4. Bh4 c5 5. e3 Nc6 6. Nbd2 Bg4 7. Be2 Nxd2 8. Qxd2 cxd4 9. Nxd4 Bxe2 10. Qxe2 Qb6 11. 0-0 e6 12. c4 Be7 13. Nxc6 Bxh4 14. Ne5 Bf6 15. Ng4 dxc4 16. Nxf6+ gxf6 17. Qxc4 Ke7 18. Rac1 Rhd8 19. Rc3 Rd7 20. Rb3 Qd6 21. Qe4 Qa6 22. Qb4+ Ke8 23. Qg4 Ke7 24. a4 Rc8 25. Rb5 Qc6 26. Qb4+ Ke8 27. h3 Rcd8 28. Rc5 Qd6 29. Qc3 Ke7 30. Rc1 Qd3 31. Qb4 Qd6 32. Qh4 b6 33. Rc6 Qe5 34. Qb4+ Ke8 35. Rc8 Qd6 36. Qh4 Rxc8 37. Rxc8+ Ke7 38. Qxh7 Qe5 39. Qc2 f5 40. Rc4 Kf6 41. g3 Ke7 42. Qe2 Qf6 43. Rc2 Qe5 44. Rd2 Rc7 45. Rd1 Kf8 46. Qd2 Kg7 47. Qd8 Kg6 48. h4 Kh7 49. b4 Qc3 50. b5 Qc2 51. Rd4 e5 52. Rd2 Qb1+ 53. Rd1 Qc2 54. Re1 Qc3 55. Kg2 f4 56. exf4 exf4 57. gxf4 Qxe1 58. Qxc7 Qe4+ 59. Kh2 Qf5 60. Qe5 Qc2 61. Qd4 Qf5 62. f3 Qc2+ 63. Kg3 Qg6+ 64. Kf2 Qc2+ 65. Kg3 Qg6+ 66. Kf2 Qc2+ 67. Kf1 Qc1+ 68. Ke2 Qc2+ 69. Ke3 Qc1+ 70. Ke2 Qc2+ 71. Ke3 Qc1+ 72. Ke4 Qe1+ 73. Qe3 Qxh4 74. Kf5 Kg8 75. Qe8+ Kg7 76. Qe5+ Kg8 77. Qb8+ Kg7 78. Qd6 Qh7+ 79. Kg5 Qh2 80. Qd4+ Kh7 81. f5 Qg3+ 82. Qg4 f6+ 83. Kh5 Qh2+ 84. Qh4 Qg2 85. Qxf6 Qh3+ 86. Kg5 Qg3+ 87. Kh5 Qh3+ 88. Kg5 1/2-1/2

[Event "CZE-chT 2324"]
[Site "Czech Republic"]
[Date "2024.01.28"]
[Round "6.2"]
[White "Stocek, Jiri"]
[Black "Kantans, Toms"]
[Result "1/2-1/2"]
[WhiteElo "2535"]
[BlackElo "2483"]
[PlyCount "155"]
[EventDate "2023.10.14"]
[EventType "team-tourn"]
[EventRounds "11"]
[EventCountry "CZE"]
[SourceTitle "EXT 2025"]
[Source "ChessBase"]
[SourceDate "2024.10.14"]
[SourceVersion "1"]
[SourceVersionDate "2024.10.14"]
[SourceQuality "1"]
[WhiteTeam "Ingem Line"]
[BlackTeam "Turnov Zikuda"]
[WhiteTeamCountry "CZE"]
[BlackTeamCountry "CZE"]

1. d4 Nf6 2. Nf3 g6 3. c4 Bg7 4. Nc3 d5 5. Qb3 dxc4 6. Qxc4 0-0 7. e4 a6 8. Be2 b5 9. Qd3 c5 10. dxc5 Bb7 11. Be3 b4 12. Na4 Qxd3 13. Bxd3 Bxe4 14. Bxe4 Nxe4 15. Ke2 Nc6 16. Rhd1 f5 17. Rac1 Rad8 18. g3 Kf7 19. Ne1 Bd4 20. Nd3 Bxe3 21. Kxe3 e5 22. Nb6 Nf6 23. f3 e4 24. Nf2 exf3 25. Kxf3 Rfe8 26. Nc4 Rxd1 27. Rxd1 Re6 28. Nh3 Ne5+ 29. Nxe5+ Rxe5 30. Rc1 Ke7 31. Nf4 Kd7 32. Nd3 Re4 33. c6+ Kc8 34. Nc5 Rd4 35. h3 a5 36. b3 Rd6 37. Nb7 Rd5 38. c7 Ne8 39. Nd8 Rd6 40. Nc6 Nxc7 41. Nxa5 Kd7 42. Nc4 Rd3+ 43. Kf2 Ke6 44. Re1+ Kf6 45. Re3 Rd1 46. Re1 Rd8 47. Re5 Nd5 48. g4 Nf4 49. Kg3 Rd4 50. Re8 Ne6 51. gxf5 Rd3+ 52. Kf2 gxf5 53. Ne3 Rd2+ 54. Ke1 Rxa2 55. Nd5+ Ke5 56. Nc7 Kd6 57. Nxe6 Kd7 58. Ng7 Rg2 59. Ra8 Rg3 60. Ra7+ Kc6 61. h4 Rxb3 62. Nxf5 Kd5 63. Kd2 h5 64. Rh7 Ke4 65. Rxh5 Rb2+ 66. Kc1 Rh2 67. Ne7 Kd3 68. Rh8 Kc3 69. Rc8+ Kb3 70. Nf5 Rh1+ 71. Kd2 Ka2 72. Ra8+ Kb2 73. Ra4 Kb3 74. Ra5 Kb2 75. Kd3 b3 76. Kc4 Rh3 77. Re5 Ka2 78. Ra5+ 1/2-1/2